00287nam a22000977a 4500008004100000100004600041245003900087260001600126300003100142773001600173221026b ||||| |||| 00| 0 eng d aPatel, N., Sethi, T. and Cariappa, A.G.A. aUnlocking rural industrial system  aKurushetra  a70(10), Aug, 2022: p.23-30 aKurushetra